000 01015nam a2200217Ia 4500
003 IN-BaIIA
008 211028s9999 xx 000 0 eng d
020 _a978-0521-88987-2
040 _cIIA Library
080 _a082.2:52
_bIAU-S256
111 _aSymposium of the International Astronomical Union on the Magellanic System, Stars, Gas, and Galaxies
_n256th
_cKeele University
_d2008 July 28-Aug 1
_932978
245 4 _aThe magellanic system
_bproceedings of the 256th Symposium of the IAU on the magellanic system, Stars, gas, and Galaxies, held in Keele University, UNited Kingdom, July 28 - August 1, 2008
_cedited by Joana M Oliveira and Jacco Th Van Loon
260 _aCambridge
_bCambridge University Press
_c2009
300 _a[various pagings.]
650 _aMagellanic clouds-Congresses
_932979
650 _aStar foramation-Congresses
_932980
650 _aStellar Astrophysics-Congresses
_932981
700 _aOliveira, Joana M., ed.
_932982
700 _aVan Loon, Jacco Th., ed.
_932983
942 _cBK
999 _c17472
_d17472